Statistics for Pixar Movies Quiz

Click here to take the quiz!

General Stats

  • This quiz has been taken 169,751 times
    (9,023 since last reset)
  • The average score is 16 of 23

Answer Stats

Year Movie % Correct
1995Toy Story
95%
2010Toy Story 3
95%
2019Toy Story 4
95%
1999Toy Story 2
95%
2006Cars
79%
2011Cars 2
79%
2017Cars 3
79%
2013Monsters University
77%
2001Monsters, Inc
77%
2009Up
73%
2016Finding Dory
72%
2003Finding Nemo
72%
2004The Incredibles
70%
2018The Incredibles 2
70%
2008WALL-E
65%
2015Inside Out
65%
1998A Bug's Life
63%
2017Coco
54%
2012Brave
54%
2007Ratatouille
52%
2020Onward
45%
2015The Good Dinosaur
42%
2020Soul
31%

Score Distribution

Percentile by Number Answered

Percent of People with Each Score

Your Score History

You have not taken this quiz since the last reset